[Event "Quixada Sertao 6th op"]
[Site "Quixada"]
[Date "2008.07.19"]
[Round "5.24"]
[White "Ferreira, Alexander da Silva"]
[Black "Almeida, Antoniel Lima"]
[Result "0-1"]
[WhiteElo "1739"]
[BlackElo "1800"]
[PlyCount "118"]
[EventDate "2008.07.17"]
[EventType "swiss"]
[EventRounds "7"]
[EventCountry "BRA"]
[SourceTitle "EXT 2022"]
[Source "ChessBase"]
[SourceDate "2021.10.06"]
[SourceVersion "1"]
[SourceVersionDate "2021.10.06"]
[SourceQuality "1"]

1. e4 e5 2. Nf3 Nc6 3. Bc4 Bc5 4. c3 Nf6 5. b4 Bb6 6. d3 0-0 7. 0-0 d6 8. h3 a6 9. Na3 Qe7 10. Nc2 Be6 11. Ne3 Bxe3 12. Bxe3 Bxc4 13. dxc4 Nxe4 14. Qd3 f5 15. g3 Qe6 16. h4 Qg6 17. Ng5 Nxg5 18. Bxg5 h6 19. Bd2 e4 20. Qd5+ Kh8 21. Bf4 Nd8 22. Rae1 Nc6 23. Kh2 Rfe8 24. Re3 Qh7 25. Kg2 Rab8 26. f3 exf3+ 27. Rfxf3 Qg6 28. a4 Ne7 29. Qd2 Qf7 30. c5 dxc5 31. Bxc7 Nd5 32. Rxe8+ Rxe8 33. Bf4 Nxf4+ 34. Rxf4 cxb4 35. cxb4 Qh5 36. Kf2 Qf7 37. a5 Rc8 38. g4 Qb3 39. Rf3 Qc2 40. Qxc2 Rxc2+ 41. Kg3 fxg4 42. Kxg4 Rc4+ 43. Rf4 Rxf4+ 44. Kxf4 Kg8 45. h5 Kf7 46. Kf5 g6+ 47. hxg6+ Kg7 48. Ke6 Kxg6 49. Kd6 h5 50. Kc7 h4 51. Kxb7 h3 52. Kxa6 h2 53. b5 h1Q 54. b6 Qa8+ 55. Kb5 Kf5 56. a6 Qd5+ 57. Kb4 Qc6 58. b7 Qb6+ 59. Kc4 Ke6 0-1

[Event "Quixada Sertao 6th op"]
[Site "Quixada"]
[Date "2008.07.18"]
[Round "3.23"]
[White "Almeida, Antoniel Lima"]
[Black "Ribeiro, Orlando Alves"]
[Result "1-0"]
[WhiteElo "1800"]
[BlackElo "1883"]
[PlyCount "78"]
[EventDate "2008.07.17"]
[EventType "swiss"]
[EventRounds "7"]
[EventCountry "BRA"]
[SourceTitle "EXT 2022"]
[Source "ChessBase"]
[SourceDate "2021.10.06"]
[SourceVersion "1"]
[SourceVersionDate "2021.10.06"]
[SourceQuality "1"]

1. e4 e5 2. Nf3 Nf6 3. Nxe5 d6 4. Nf3 Nxe4 5. Qe2 Qe7 6. d3 Nf6 7. Bg5 Qxe2+ 8. Bxe2 Be7 9. 0-0 h6 10. Bxf6 Bxf6 11. c3 Bg4 12. Re1 0-0 13. Nbd2 Nd7 14. h3 Bh5 15. Ne4 Rfe8 16. Nfd2 Bg6 17. Bg4 Ne5 18. Nxf6+ gxf6 19. Ne4 Kg7 20. Be2 Re7 21. f4 Nc6 22. Ng3 f5 23. Bf3 Rae8 24. Rxe7 Rxe7 25. Bxc6 bxc6 26. Kf2 c5 27. Re1 Re6 28. Nf1 d5 29. Nd2 Rb6 30. Rb1 Kf6 31. Nb3 Rb5 32. Ke3 a5 33. c4 dxc4 34. dxc4 Rb4 35. Kd3 Ke7 36. Nxc5 f6 37. Nb3 a4 38. Nd4 Kd6 39. Kc3 Rb7 1-0

[Event "Quixada Sertao 6th op"]
[Site "Quixada"]
[Date "2008.07.17"]
[Round "1"]
[White "Almeida, Antoniel Lima"]
[Black "Brandao, Marcius Gomes"]
[Result "0-1"]
[WhiteElo "1800"]
[BlackElo "2115"]
[PlyCount "65"]
[EventDate "2008.07.17"]
[EventType "swiss"]
[EventRounds "7"]
[EventCountry "BRA"]
[SourceTitle "EXT 2022"]
[Source "ChessBase"]
[SourceDate "2021.10.06"]
[SourceVersion "1"]
[SourceVersionDate "2021.10.06"]
[SourceQuality "1"]

1. d4 d5 2. c4 e6 3. Nf3 c5 4. cxd5 exd5 5. Nc3 Nc6 6. e3 Nf6 7. Be2 cxd4 8. exd4 Bd6 9. Bg5 Be6 10. 0-0 0-0 11. Rc1 h6 12. Bh4 Bf4 13. Ra1 Rc8 14. a3 a6 15. Bg3 Bxg3 16. fxg3 Bf5 17. Ne5 Be4 18. Bf3 Re8 19. Nxc6 Rxc6 20. Re1 Rce6 21. Qd2 b5 22. Re2 Bf5 23. Rxe6 Rxe6 24. Re1 Qd7 25. Re3 Qe8 26. Kf2 Qd7 27. Rxe6 fxe6 28. Qf4 Qc6 29. h4 h5 30. Qg5 Qc4 31. Qd2 a5 32. Qe2 Qxd4+ 33. Kf1 0-1